Bodyspace : anthropometry,ergonomic and design

Αποθηκεύτηκε σε:
Λεπτομέρειες βιβλιογραφικής εγγραφής
Κύριος συγγραφέας: Pheasant, Stephen
Μορφή: Βιβλίο
Γλώσσα:English
Δημοσίευση: London, New York : Taylor & Francis,
Θέματα:
Ετικέτες: Προσθήκη ετικέτας
Δεν υπάρχουν, Καταχωρήστε ετικέτα πρώτοι!

MARC

LEADER 00000nam a2200000 i 4500
001 1/40677
008 960202s1986 eng d
020 |a 0-85066-352-0 
035 |l 10025273 
040 |a GR-MY-UA  |b gre  |e aacr 
041 0 |a eng 
082 0 |a 620.82 
100 1 |a Pheasant, Stephen. 
245 1 0 |a Bodyspace :  |b anthropometry,ergonomic and design /  |c Stephen Pheasant 
260 |a London, New York :   |b Taylor & Francis,  
300 |a 276 p. 
500 |a Includes index 
650 0 0 |a Anthropometry. 
852 |a INST  |b CHIOS  |e 19960202  |h 620.82 PHE  |p 005200004178  |q 005200004178  |t BK  |y 0 
909 |a Χ  |b 021750